LEADER 01302oam 2200409zu 450 001 996204071003316 005 20210806235805.0 010 $a1-5090-9683-3 035 $a(CKB)1000000000022581 035 $a(SSID)ssj0000453711 035 $a(PQKBManifestationID)12191027 035 $a(PQKBTitleCode)TC0000453711 035 $a(PQKBWorkID)10481841 035 $a(PQKB)10756188 035 $a(EXLCZ)991000000000022581 100 $a20160829d2005 uy 101 0 $aeng 181 $ctxt 182 $cc 183 $acr 200 10$a2005 IEEE Power Electronics Education Workshop 210 31$a[Place of publication not identified]$cI E E E$d2005 300 $aBibliographic Level Mode of Issuance: Monograph 311 $a0-7803-9001-6 606 $aElectrical & Computer Engineering$2HILCC 606 $aEngineering & Applied Sciences$2HILCC 606 $aElectrical Engineering$2HILCC 615 7$aElectrical & Computer Engineering 615 7$aEngineering & Applied Sciences 615 7$aElectrical Engineering 676 $a621.31/7 712 02$aInstitute of Electrical and Electronics Engineers. 801 0$bPQKB 906 $aPROCEEDING 912 $a996204071003316 996 $a2005 IEEE Power Electronics Education Workshop$92534369 997 $aUNISA